00000000nam##2200000za#4500
0019.589657
003CaOODSP
00520210624195743
007cr |||||||||||
008150406|1999||||xxc|||||o    f|0| 0 eng|d
040 |aCaOODSP|beng
041 |aeng
041 |afre
043 |an-cn---
0861 |aSP2-1/1-1999-PDF
1101 |aCanada. |bQueen's Printer.
24510|aDepartment of Transport - Transportation of Dangerous Goods Regulations |h[electronic resource]
260 |bQueen's Printer |cAugust 7, 1999.
300 |a803p.|bfigs., tables, index
4901 |aCanada gazette, Part I. Supplement
590 |a13-27-Supp|b2013-11-15
792 |tMinistère des Transports - Règlement sur le transport des marchandises dangereuses |efre|w(CaOODSP)9.589658
830#0|aCanada gazette, part I. Supplement.|w(CaOODSP)9.500175
85640|ahttp://publications.gc.ca|qPDF|s12.73 MB|uhttps://publications.gc.ca/collections/collection_2013/gazette/SP2-1-1-1999.pdf